| Tag |
First Indicator |
Second Indicator |
Subfields |
| LEADER |
00000cam a22000008a 4500 |
| 001 |
in00000077061 |
| 005 |
20151008060519.0 |
| 008 |
810826s1982 mau b 00100 eng |
| 010 |
|
|
|a 81012775
|
| 020 |
|
|
|a 0865690693 :
|c $19.91
|
| 035 |
|
|
|a (OCoLC)07773459
|
| 035 |
|
|
|9 AAJ5921AM
|
| 039 |
0 |
|
|a 2
|b 3
|c 3
|d 3
|e 3
|
| 040 |
|
|
|a DLC
|c DLC
|d TXA
|d UtOrBLW
|
| 043 |
|
|
|a n-us---
|
| 049 |
|
|
|a TXAM
|c [933319]
|
| 050 |
0 |
0 |
|a HD6095
|b .W6963
|
| 082 |
0 |
|
|a 331.4/0973
|2 19
|
| 245 |
0 |
0 |
|a Women in the workplace /
|c edited by Phyllis A. Wallace.
|
| 263 |
|
|
|a 8112
|
| 264 |
|
1 |
|a Boston, Mass. :
|b Auburn House Pub. Co.,
|c [1982]
|
| 264 |
|
4 |
|c ©1982
|
| 300 |
|
|
|a xvi, 240 pages ;
|c 24 cm.
|
| 336 |
|
|
|a text
|b txt
|2 rdacontent
|
| 337 |
|
|
|a unmediated
|b n
|2 rdamedia
|
| 338 |
|
|
|a volume
|b nc
|2 rdacarrier
|
| 504 |
|
|
|a Includes bibliographical references and index.
|
| 505 |
0 |
|
|a Increased labor force participation of women and affirmative action / Phyllis A. Wallace -- The MBA / Myra H. Strober -- The apprenticeship model of organizational careers / Lotte Bailyn -- Sex differences in factors affecting managerial career advancement / Anne Harlan and Carol L. Weiss --Moving forward, standing still / Julianne Malveaux -- Women and nontraditional blue collar jobs in the 1980's / Brigid O'Farrell -- Corporate experiences in improving women's job opportunities / Ruth Gilbert Shaeffer and Edith F. Lynton -- Conclusions / Phyllis A. Wallace.
|
| 650 |
|
0 |
|a Women
|x Employment
|z United States.
|
| 700 |
1 |
|
|a Wallace, Phyllis Ann.
|
| 999 |
|
|
|a MARS
|
| 999 |
f |
f |
|s 60552251-463a-3f77-9bde-c1f0c1a39bac
|i 6aa4351e-14bd-371e-bc73-7167313c433e
|t 0
|
| 952 |
f |
f |
|p ric
|a Texas A&M University
|b Rellis Campus
|c Joint Library Facility
|d Remote Storage
|t 0
|e HD6095 .W6963
|h Library of Congress classification
|i unmediated -- volume
|m A14806128413
|
| 998 |
f |
f |
|a HD6095 .W6963
|t 0
|l Remote Storage
|